Ten Who Dared: (Record no. 6622)

000 -LEADER
fixed length control field 00446nam a22001457a 4500
008 - FIXED-LENGTH DATA ELEMENTS--GENERAL INFORMATION
fixed length control field 150928b xxu||||| |||| 00| 0 eng d
020 ## - INTERNATIONAL STANDARD BOOK NUMBER
International Standard Book Number 0913948098
050 ## - LIBRARY OF CONGRESS CALL NUMBER
Classification number G 200 .W46 1977
100 ## - MAIN ENTRY--PERSONAL NAME
Personal name Wilcox, Desmond.
Dates associated with a name 1977
245 ## - TITLE STATEMENT
Title Ten Who Dared:
Statement of responsibility, etc. Desmond,Wilcox.
260 ## - PUBLICATION, DISTRIBUTION, ETC. (IMPRINT)
Place of publication, distribution, etc. Boston:
Name of publisher, distributor, etc. Little, Brown and Company,
Date of publication, distribution, etc. 1977.
300 ## - PHYSICAL DESCRIPTION
Extent 336p:ill.
Other physical details includes index,
700 ## - ADDED ENTRY--PERSONAL NAME
Personal name Quinn Anthony
942 ## - ADDED ENTRY ELEMENTS (KOHA)
Source of classification or shelving scheme
Koha item type Hard Covered Materials
Classification part G 200 .W46 1977
Holdings
Withdrawn status Lost status Source of classification or shelving scheme Damaged status Not for loan Home library Current library Shelving location Date acquired Source of acquisition Total Checkouts Full call number Barcode Checked out Date last seen Date last checked out Price effective from Koha item type
          MACHAKOS UNIVERSITY LIBRARY MACHAKOS UNIVERSITY LIBRARY Technical section 28/09/2015 DONATION (BFA) 1 G 200 .W46 1977 12210 20/07/2023 06/07/2023 06/07/2023 28/09/2015 Hard Covered Materials
© Machakos University Library, Along The Highway, Machakos Wote Rd, Machakos, Kenya P.O. Box 136 - 90100 Machakos - Kenya

Tel: ( +254 ) 723 805829 OR Fax : 044-20353 OR Email: library@mksu.ac.ke